El movimiento sindical en debate

Сохранить в:
Библиографические подробности
Формат: Текст
Предметы:
Метки: Добавить метку
Нет меток, Требуется 1-ая метка записи!

MARC

LEADER 00000 a a2200000 04500
001 45623
003
040
245 |a El movimiento sindical en debate  
500 |a Antes se llamaba: ALAI SERVICIO MENSUAL DE INFORMACION Y DOCUMENTACION  
650 |a POLITICA  
650 |a MOVIMIENTOS SOCIALES  
650 |a SINDICALISMO  
650 |a AMERICA CENTRAL  
650 |a NICARAGUA  
773 |g volumen12, número101 (Marzo, 1988), págs. 10-12  
999 |c 18314  |d 18314